00861nam a22002177a 450000500170000001000150001702000260003203500140005803700090007208200110008124501110009226000530020327000600025630000210031670000360033770000390037370000340041294200220044699900190046895201560048720250404144916.0 aENG-144421 a9788197609138c600.00 aEN-127953 bDBAD a95421 aVikasit Bharat @2047:bWays Towards Self-Reliance/cS. Lingamurthy; Shivkumar M Belli [and] Basavaraj M.S. bSamvit Prakashan and Media PVT. LTDc2021aDelhi a1585,1654, Madarsa road, Kashmere gateb Delhie 110006 a436p.;c21cm(pb) aLingamurthy, S. eEditor980326 aBelli, Shivkumar M eEditor980327 aBasavaraj M.S.eEditor980328 2ddccENmVIKh954 c210822d210822 001040718NFICaDBADbDBADd2025-04-04eDelivery of Books Act Divisiong600.00l0oVIK 954pEN-127953r2025-04-04 00:00:00t1v600.00w2025-04-04yEN